| 000 | 00417pab a2200157 454500 | ||
|---|---|---|---|
| 008 | 180718b2006 xxu||||| |||| 00| 0 eng d | ||
| 100 | _aKumari, A. Santosh | ||
| 245 | _aKnowledge management issues and concerns: a need based approach | ||
| 260 | _c2006 | ||
| 300 | _ap.1-6. | ||
| 362 | _a13 Nov | ||
| 650 | _aKnowledge management | ||
| 700 | _aReddy, D. Raghunatha | ||
| 773 | _aUniversity News | ||
| 909 | _a72456 | ||
| 999 |
_c72456 _d72456 |
||